北京地铁站(2021)Beijing Metro System - Statistics

General Stats
  • This quiz has been taken 1,119 times
  • The average score is 150 of 436
Answer Stats
% Correct
13号线 | 2号线 | 4号线 西直门
84%
1号线 | 4号线 西单
82%
1号线 天安门东
82%
1号线 天安门西
81%
13号线 | 2号线 | 首都机场线 东直门
81%
1号线 | 6号线 苹果园
79%
4号线 北京南站
79%
14号线 北京南站
78%
1号线 | 5号线 东单
76%
4号线 北京大学东门
76%
7号线 | 9号线 北京西站
76%
16号线 | 9号线 国家图书馆
75%
1号线 王府井
74%
4号线 国家图书馆
73%
2号线 北京站
72%
10号线 | 4号线 海淀黄庄
72%
1号线 | 9号线 军事博物馆
69%
10号线 | 1号线 公主坟
68%
大兴机场线 大兴机场
68%
10号线 | 1号线 国贸
67%
4号线 人民大学
67%
2号线 前门
66%
4号线 安河桥北
66%
5号线 天通苑北
65%
5号线 天通苑
65%
5号线 天通苑南
65%
4号线 圆明园
64%
4号线 中关村
64%
5号线 | 6号线 东四
64%
13号线 五道口
64%
15号线 清华东路西口
64%
6号线 | 8号线 南锣鼓巷
62%
2号线 积水潭
61%
4号线 动物园
61%
15号线 | 8号线 奥林匹克公园
61%
10号线 | 首都机场线 三元桥
61%
1号线 | 2号线 复兴门
60%
1号线 四惠
60%
10号线 | 西郊线 巴沟
60%
10号线 | 大兴机场线 草桥
60%
4号线 西四
59%
10号线 | 8号线 北土城
59%
10号线 | 13号线 知春路
59%
1号线 | 2号线 建国门
58%
7号线 环球度假
58%
10号线 | 16号线 苏州街
58%
14号线 望京南
58%
14号线 | 15号线 望京
58%
15号线 望京西
58%
八通线 环球度假区
58%
1号线 古城
57%
2号线 | 4号线 宣武门
57%
15号线 望京东
57%
2号线 东四十条
56%
13号线 | 昌平线 西二旗
56%
4号线 | 6号线 平安里
55%
10号线 西土城
55%
13号线 清河
55%
1号线 八角游乐园
54%
10号线 知春里
54%
10号线 金台夕照
54%
昌平线 昌平
54%
2号线 | 5号线 雍和宫
53%
2号线 | 6号线 朝阳门
53%
2号线 | 5号线 崇文门
53%
10号线 | 5号线 惠新西街南口
53%
1号线 五棵松
52%
16号线 | 4号线 西苑
52%
4号线 魏公村
52%
首都机场线 三号航站楼
52%
首都机场线 二号航站楼
52%
4号线 灵境胡同
51%
4号线 | 7号线 菜市口
50%
1号线 木樨地
49%
14号线 | 1号线 大望路
49%
10号线 | 5号线 | 亦庄线 宋家庄
49%
8号线 中国美术馆
49%
1号线 八宝山
48%
1号线 南礼士路
48%
2号线 | 6号线 车公庄
48%
6号线 车公庄西
48%
10号线 丰台
48%
西郊线 香山
48%
2号线 | 8号线 鼓楼大街
47%
大兴机场线 大兴新城
47%
5号线 惠新西街北口
46%
8号线 回龙观东大街
46%
10号线 牡丹园
46%
13号线 上地
46%
13号线 回龙观
46%
15号线 六道口
46%
4号线 陶然亭
45%
13号线 大钟寺
45%
西郊线 颐和园西门
45%
4号线 北宫门
44%
大兴线 天宫院
44%
2号线 阜成门
43%
4号线 新街口
43%
6号线 北海北
43%
6号线 | S1线 金安桥
42%
10号线 亮马桥
42%
2号线 和平门
41%
10号线 | 7号线 双井
41%
8号线 | 昌平线 朱辛庄
41%
10号线 太阳宫
41%
10号线 | 房山线 首经贸
41%
八通线 传媒大学
41%
2号线 安定门
40%
10号线 | 8号线 大红门
40%
8号线 大红门南
40%
昌平线 生命科学园
40%
1号线 福寿岭
39%
13号线 | 5号线 立水桥
39%
5号线 立水桥南
39%
7号线 | 8号线 珠市口
39%
13号线 | 8号线 霍营
39%
8号线 什刹海
39%
10号线 潘家园
39%
10号线 角门东
39%
10号线 角门西
39%
昌平线 沙河
39%
西郊线 植物园
39%
8号线 森林公园南门
38%
8号线 奥体中心
38%
9号线 六里桥东
38%
10号线 | 9号线 六里桥
38%
10号线 健德门
38%
10号线 | 13号线 芍药居
38%
10号线 农业展览馆
38%
2号线 长椿街
37%
5号线 北新桥
37%
10号线 劲松
37%
10号线 | 14号线 十里河
37%
10号线 火器营
37%
15号线 俸伯
37%
6号线 | 9号线 白石桥南
36%
10号线 | 6号线 呼家楼
36%
6号线 潞城
36%
9号线 | 房山线 郭公庄
36%
10号线 团结湖
36%
13号线 北苑
36%
13号线 望京西
36%
16号线 苏州桥
36%
1号线 永安里
35%
4号线 公益西桥
35%
5号线 天坛东
35%
6号线 海淀五路居
35%
8号线 瀛海
35%
10号线 安贞门
35%
昌平线 昌平西山口
35%
大兴线 新宫
35%
1号线 玉泉路
34%
5号线 灯市口
34%
10号线 | 6号线 慈寿寺
34%
15号线 顺义
34%
昌平线 十三陵
34%
1号线 万寿路
33%
5号线 张自忠路
33%
15号线 大屯路东
33%
4号线 角门西
32%
5号线 | 7号线 磁器口
32%
14号线 | 5号线 蒲黄榆
32%
7号线 焦化厂
32%
14号线 朝阳公园
32%
大兴线 西红门
32%
亦庄线 亦庄火车站
32%
7号线 广安门内
31%
13号线 龙泽
31%
6号线 青年路
30%
7号线 广渠门内
30%
7号线 广渠门外
30%
10号线 | 14号线 西局
30%
大兴线 生物医药基地
30%
燕房线 燕山
30%
4号线 马家堡
29%
8号线 火箭万源
29%
9号线 白堆子
29%
昌平线 沙河高教园
29%
6号线 东大桥
28%
7号线 | 八通线 花庄
28%
14号线 | 8号线 永定门外
28%
10号线 分钟寺
28%
10号线 西钓鱼台
28%
10号线 车道沟
28%
10号线 长春桥
28%
14号线 张郭庄
28%
16号线 北安河
28%
大兴线 黄村火车站
28%
房山线 良乡大学城北
28%
房山线 良乡大学城
28%
房山线 良乡大学城西
28%
14号线 | 6号线 金台路
27%
7号线 湾子
27%
14号线 园博园
27%
14号线 北工大西门
27%
16号线 二里沟
27%
S1线 上岸
27%
5号线 大屯路东
26%
14号线 | 7号线 九龙山
26%
8号线 天桥
26%
13号线 柳芳
26%
6号线 通州北关
25%
7号线 欢乐谷
25%
8号线 安德里
25%
14号线 | 9号线 七里庄
25%
13号线 光熙门
25%
八通线 高碑店
25%
5号线 北苑路
24%
8号线 林萃桥
24%
10号线 成寿寺
24%
14号线 善各庄
24%
15号线 北沙滩
24%
15号线 国展
24%
16号线 万泉河桥
24%
八通线 管庄
24%
5号线 和平里北
23%
10号线 泥洼
23%
八通线 梨园
23%
八通线 土桥
23%
大兴线 高米店北
23%
大兴线 高米店南
23%
5号线 和平西桥
22%
5号线 刘家窑
22%
7号线 达官营
22%
8号线 安华桥
22%
16号线 马连洼
22%
昌平线 昌平东关
22%
6号线 花园桥
21%
6号线 物资学院路
21%
10号线 莲花桥
21%
16号线 农大南路
21%
16号线 万寿寺
21%
6号线 田村
20%
6号线 十里堡
20%
6号线 褡裢坡
20%
6号线 常营
20%
6号线 草房
20%
7号线 虎坊桥
20%
9号线 丰台科技园
20%
16号线 永丰
20%
16号线 永丰南
20%
16号线 甘家口
20%
八通线 通州北苑
20%
房山线 东管头南
20%
房山线 | 燕房线 阎村东
20%
燕房线 阎村
20%
6号线 北运河西
19%
7号线 化工
19%
9号线 丰台南路
19%
昌平线 南邵
19%
S1线 石厂
19%
6号线 通运门
18%
7号线 百子湾
18%
8号线 西小口
18%
14号线 方庄
18%
八通线 果园
18%
昌平线 巩华城
18%
亦庄线 次渠南
18%
亦庄线 次渠
18%
10号线 纪家庙
17%
14号线 将台
17%
16号线 西北旺
17%
大兴线 黄村西大街
17%
6号线 杨庄
16%
6号线 廖公庄
16%
8号线 平西府
16%
8号线 育新
16%
8号线 永泰庄
16%
8号线 木樨园
16%
10号线 石榴庄
16%
14号线 东风北桥
16%
14号线 来广营
16%
15号线 后沙峪
16%
15号线 石门
16%
大兴线 枣园
16%
亦庄T1 | 亦庄线 荣昌东街
16%
西郊线 茶棚
16%
西郊线 万安
16%
6号线 西黄村
15%
8号线 育知路
15%
8号线 东高地
15%
9号线 丰台东大街
15%
9号线 科怡路
15%
14号线 陶然桥
15%
14号线 阜通
15%
15号线 安立路
15%
15号线 孙河
15%
15号线 花梨坎
15%
15号线 南法信
15%
16号线 稻香湖路
15%
八通线 双桥
15%
八通线 八里桥
15%
八通线 九棵树
15%
亦庄线 小红门
15%
6号线 郝家府
14%
7号线 桥湾
14%
7号线 大郊亭
14%
8号线 德茂
14%
14号线 平乐园
14%
14号线 枣营
14%
15号线 马泉营
14%
昌平线 北邵洼
14%
房山线 大葆台
14%
房山线 长阳
14%
燕房线 房山城关
14%
6号线 黄渠
13%
6号线 东夏园
13%
7号线 黑庄户
13%
7号线 高楼金
13%
14号线 大瓦窑
13%
14号线 景泰
13%
14号线 高家园
13%
15号线 崔各庄
13%
16号线 温阳路
13%
八通线 临河里
13%
大兴线 清源路
13%
房山线 稻田
13%
亦庄线 旧宫
13%
7号线 南楼梓庄
12%
14号线 郭庄子
12%
亦庄线 荣京东街
12%
1号线 53号站
12%
7号线 双合
11%
7号线 万盛西
11%
7号线 万盛东
11%
8号线 海户屯
11%
8号线 和义
11%
8号线 五福堂
11%
14号线 大井
11%
14号线 东湖渠
11%
房山线 苏庄
11%
7号线 黄厂
10%
大兴线 义和庄
10%
房山线 良乡南关
10%
S1线 四道桥
10%
房山线 花乡东桥
9%
燕房线 紫草坞
9%
亦庄线 肖村
9%
亦庄线 亦庄桥
9%
S1线 小园
9%
7号线 郎辛庄
8%
7号线 群芳
8%
房山线 白盆窑
8%
房山线 篱笆房
8%
亦庄线 经海路
8%
房山线 广阳城
7%
燕房线 星城
7%
燕房线 饶乐府
7%
亦庄线 亦庄文化园
7%
亦庄线 同济南路
7%
燕房线 大石河东
6%
S1线 桥户营
6%
S1线 栗园庄
6%
15号线 关庄
5%
亦庄线 万源街
5%
亦庄T1 屈庄
5%
亦庄T1 定海园西
5%
亦庄T1 定海园
5%
7号线 垡头
4%
燕房线 马各庄
4%
亦庄T1 老观里
4%
亦庄T1 亦创会展中心
3%
16号线 屯佃站
2%
亦庄T1 太和桥北
2%
亦庄T1 鹿圈东
2%
亦庄T1 经海一路
2%
亦庄T1 融兴街
1%
亦庄T1 瑞合庄
1%
亦庄T1 四海庄
1%
亦庄T1 九号村
1%
亦庄T1 泰和路
1%
亦庄T1 亦庄同仁
1%
No matching quizzes found
Score Distribution
Percent of People with Each Score
Percentile by Number Answered
Your Score History
You have not taken this quiz